Dimensionamiento de un sistema de recuperación de calor para el calentamiento de aire en el proceso de acondicionamiento de ambientes controlados en una industria médica.
Gorde:
| Egile nagusia: | |
|---|---|
| Beste egile batzuk: | , |
| Formatua: | Liburua |
| Hizkuntza: | Spanish |
| Argitaratua: |
[San José, Costa Rica]
2022
|
| Gaiak: | |
| Etiketak: |
Etiketa erantsi
Etiketarik gabe, Izan zaitez lehena erregistro honi etiketa jartzen!
|
MARC
| LEADER | 00000nam a2200000Ia 4500 | ||
|---|---|---|---|
| 003 | 013668 | ||
| 005 | 20230704113928.0 | ||
| 008 | 140114s2022 cr a 000 ||spa d | ||
| 040 | |c cru CEDI | ||
| 100 | |a Mora Ledezma, André Mauricio, 1996- |9 877 | ||
| 245 | |a Dimensionamiento de un sistema de recuperación de calor para el calentamiento de aire en el proceso de acondicionamiento de ambientes controlados en una industria médica. | ||
| 260 | |a [San José, Costa Rica] |c 2022 | ||
| 500 | |a Proyecto de graduación (licenciatura en ingeniería mecánica) --Universidad de Costa Rica. Facultad de Ingeniería. Escuela de Ingeniería Mecánica | ||
| 501 | |a Director de Proyecto de Graduación: M.Sc. Sergio Ferreto Brenes | ||
| 650 | |x CONSUMO DE ENERGIA - ASPECTOS ECONOMICOS |x AIRE ACONDICIONADO - PROGRAMAS PARA COMPUTADORA |x AIRE ACONDICIONADO |x TRANSMISION DEL CALOR |x DISPOSITIVOS ELECTROMECANICOS |x RECUPERACION DE CALOR | ||
| 700 | |9 878 |a Rodríguez Díaz, Carlos Enrique, 1995- | ||
| 700 | |9 206 |a Ferreto Brenes, Sergio Ademar, 1976- |d Director del TFG | ||
| 942 | |c CEDI |h TFG 8819 |6 TFG_8819_000000000000000 | ||
| 999 | |c 15511 |d 15511 | ||
